Mixed Word: Mystery Actor II Quiz Stats

Quiz Updated Oct 20, 2016

Challenge
Share
Tweet
Embed
Score 0/14 Timer 04:00
1 Play Today
Movie Answer % Correct
OPT NUGTop Gun
98.7%
NAIR NAMRain Man
97.5%
SYAD FO TERHUNDDays of Thunder
94.2%
YEES DIEW TUSHEyes Wide Shut
93.5%
Actor appearing in all these films:Tom Cruise
91.4%
PASTTaps
91.1%
RYREJ GUREIAMJerry Maguire
89.3%
Movie Answer % Correct
SKYRI SNSSEBUIRisky Business
85.9%
SSNIOMI BLESSIPOMIMission: Impossible
85.6%
PICTRO REDUNTHTropic Thunder
80.8%
ENDLEGLegend
71.5%
CKOCLIATCocktail
59.8%
TRELAACLOLCollateral
42.9%
GONAMAILMagnolia
28.6%

You're not logged in!

Compare scores with friends on all Sporcle quizzes.
Sign Up with Email
OR
Log In

You Might Also Like...

Show Comments

Extras

Top Quizzes Today


Score Distribution

Your Account Isn't Verified!

In order to create a playlist on Sporcle, you need to verify the email address you used during registration. Go to your Sporcle Settings to finish the process.